Dynamics of mechanisms with elastic connections and impact systems /

Saved in:
Bibliographic Details
Main Author: Kobrinskii, A. E. (Aron Efimovich)
Format: Book
Language:English
Published: London : Iliffe, 1969.
Subjects:
LEADER 01219cam a2200289 a 4500
001 c000298163
003 CARM
005 20090603181328.0
008 691210s1969 enka b 001 0 eng
015 |a B69-15710 
019 1 |a 285902  |5 LACONCORD2021 
020 |a 0592042405 :  |c 5/-/- 
035 |a (OCoLC)47134  |5 LACONCORD2021 
041 1 |a engrus 
082 0 0 |a 621.8 
100 1 |a Kobrinskii, A. E.  |q (Aron Efimovich). 
240 1 0 |a Mekhanizmy a uprugimi svi a︡zi a︡mi.  |l English. 
245 1 0 |a Dynamics of mechanisms with elastic connections and impact systems /  |c [by] A. E. Kobrinskii ; translated [from the Russian] by Scripta Technica, English translation edited by R. Lennox-Napier. 
260 |a London :  |b Iliffe,  |c 1969. 
300 |a 363 p. :  |b illus ;  |c 23 cm. 
500 |a Translation of Mekhanizmy s uprugimi svi a︡zi a︡mi (romanized form). 
504 |a Bibliography: p. 347-351. 
650 0 |a Machinery, Dynamics of. 
650 0 |a Machinery, Kinematics of. 
852 8 |b CARM  |h A3:AD14A0  |i B11290  |p 0541697  |f BK 
999 f f |i 021bb1cb-0eb0-582b-8d95-db23be24c5dd  |s dcdab008-f9ca-5779-90a9-2e071c008466 
952 f f |p Can circulate  |a CAVAL  |b CAVAL  |c CAVAL  |d CARM 1 Store  |e B11290  |f A3:AD14A0  |h Other scheme  |i book  |m 0541697